000 00599nam a2200193Ia 4500
005 20250507130248.0
008 008 250505s9999 xx 000 0 eng d
037 _aSeries Article
040 _aEASL
_beng
_cEASL
041 _aeng
_2eng
084 _qEASL
100 _aHo Ming-Sho
_9669151
245 0 _aBeyond tokenism:the institutional coversion of party-controlled labour unions in Taiwan's state-owned enterpricese(1951-86)
260 _aUK
_bUK Cambridge Univesity Press UK
_c2013
300 _a1019-1040
650 _aChina
942 _cSRA
999 _c1318635
_d1318635